| 000 -LEADER |
| fixed length control field |
00850nam a2200229Ia 4500 |
| 001 - CONTROL NUMBER |
| control field |
1415 |
| 003 - CONTROL NUMBER IDENTIFIER |
| control field |
GE_BSU |
| 005 - DATE AND TIME OF LATEST TRANSACTION |
| control field |
20250210105054.0 |
| 008 - FIXED-LENGTH DATA ELEMENTS--GENERAL INFORMATION |
| fixed length control field |
181216s||||||||xx |||||||||||||| ||und|| |
| 020 ## - INTERNATIONAL STANDARD BOOK NUMBER |
| International Standard Book Number |
5520003513 |
| 040 ## - CATALOGING SOURCE |
| Transcribing agency |
GE_BSU |
| 041 ## - LANGUAGE CODE |
| Language code of text/sound track or separate title |
geo |
| 080 ## - UNIVERSAL DECIMAL CLASSIFICATION NUMBER |
| Universal Decimal Classification number |
635.9(479.223) Д-36 |
| 245 ## - TITLE STATEMENT |
| Title |
Деревья и кустарники Батумского Ботанического сада : |
| Remainder of title |
(Покрытосемянные) ч.II / |
| Statement of responsibility, etc. |
Гл. ред.В. Папунидзе; Батумский ботан. сад. |
| 264 ## - PRODUCTION, PUBLICATION, DISTRIBUTION, MANUFACTURE, AND COPYRIGHT NOTICE |
| Place of production, publication, distribution, manufacture |
Батуми : |
| Date of production, publication, distribution, manufacture, or copyright notice |
2007. |
| 300 ## - PHYSICAL DESCRIPTION |
| Extent |
423 с.; |
| Other physical details |
29 см. |
| 653 ## - INDEX TERM--UNCONTROLLED |
| keyword |
ხეები და ბუჩქები |
| 653 ## - INDEX TERM--UNCONTROLLED |
| keyword |
ბოტანიკა |
| 700 ## - ADDED ENTRY--PERSONAL NAME |
| Personal name |
Папунидзе, В. |
| Relator term |
რედაქტორი |
| 9 (RLIN) |
24283 |
| 710 ## - ADDED ENTRY--CORPORATE NAME |
| Corporate name or jurisdiction name as entry element |
Батумский ботан. сад |
| 9 (RLIN) |
24284 |
| 942 ## - ADDED ENTRY ELEMENTS (KOHA) |
| Koha item type |
წიგნი |
| Source of classification or shelving scheme |
|